000 00219 a2200109 4500
001 59935
082 _bCD
090 _c36776
_d36776
245 _aMultimedia in action + CD
260 _aCA
_bwordsworth
_c1998
505 _aCD/DVD
942 _aNUST-CAE
999 _c295008
_d295008